Kto napisał tę książkę? #2 - Statystyki

Ogólne statystyki
  • Ten quiz został rozwiązany 621 razy
  • Średni wynik to 9 z 12
Statystyki odpowiedzi
Tytuł książki Autor % Poprawnych
Potop Henryk Sienkiewicz
96%
Lalka Bolesław Prus
93%
Balladyna Juliusz Słowacki
89%
Chłopi Władysław Reymont
81%
Antygona Sofokles
79%
Proces Franz Kafka
72%
Ferdydurke Witold Gombrowicz
71%
Tango Sławomir Mrożek
67%
Granica Zofia Nałkowska
67%
Dżuma Albert Camus
65%
Jądro ciemności Joseph Conrad
45%
Cesarz Ryszard Kapuściński
24%
Nie znaleziono quizów pasujących do podanych kryteriów
Rozkład punktacji
Procent ludzi z każdym wynikiem
Percentyl według liczby udzielonych odpowiedzi
Twoja historia wyników
Nie rozwiązałeś tego quizu